Экологические проблемы от таяния многолетнемерзлых пород при разработке нефтяных месторождений Западной Сибири; Творчество юных - шаг в успешное будущее

Bibliografske podrobnosti
Parent link:Творчество юных - шаг в успешное будущее.— 2015.— [С. 506-507]
Glavni avtor: Юнусова Л. А.
Korporativna značnica: Национальный исследовательский Томский политехнический университет (ТПУ) Институт природных ресурсов (ИПР) Кафедра геологии и разведки полезных ископаемых (ГРПИ)
Drugi avtorji: Ковешников А. Е. Александр Евгеньевич (научный руководитель)
Izvleček:Заглавие с титульного экрана
Jezik:ruščina
Izdano: 2015
Serija:Экогеохимия органического топлива и экологические проблемы территорий
Teme:
Online dostop:http://earchive.tpu.ru/handle/11683/15674
Format: Elektronski Book Chapter
KOHA link:https://koha.lib.tpu.ru/cgi-bin/koha/opac-detail.pl?biblionumber=617417

MARC

LEADER 00000naa2a2200000 4500
001 617417
005 20231101132947.0
035 |a (RuTPU)RU\TPU\conf\15730 
035 |a RU\TPU\conf\15729 
090 |a 617417 
100 |a 20160303d2015 k y0rusy50 ca 
101 0 |a rus 
102 |a RU 
105 |a y z 101zy 
135 |a drcn ---uucaa 
181 0 |a i  
182 0 |a b 
200 1 |a Экологические проблемы от таяния многолетнемерзлых пород при разработке нефтяных месторождений Западной Сибири  |f Л. А. Юнусова  |g науч. рук. А. Е. Ковешников 
203 |a Текст  |c электронный 
225 1 |a Экогеохимия органического топлива и экологические проблемы территорий 
230 |a 1 компьютерный файл (pdf; 440 Кб) 
300 |a Заглавие с титульного экрана 
320 |a [Библиогр.: с. 507 (3 назв.)] 
463 0 |0 (RuTPU)RU\TPU\conf\15338  |t Творчество юных - шаг в успешное будущее  |o материалы VIII Всероссийской научной студенческой конференции с элементами научной школы имени профессора М. К. Коровина, г. Томск, 23-27 ноября 2015 г.  |f Национальный исследовательский Томский политехнический университет (ТПУ) ; под ред. А. Ю. Дмитриева  |v [С. 506-507]  |d 2015 
610 1 |a труды учёных ТПУ 
610 1 |a электронный ресурс 
610 1 |a экологические проблемы 
610 1 |a многолетнемерзлые породы 
610 1 |a нефтяные месторождения 
610 1 |a Западная Сибирь 
610 1 |a Восточная Сибирь 
700 1 |a Юнусова  |b Л. А. 
702 1 |a Ковешников  |b А. Е.  |c геолог  |c доцент Томского политехнического университета, кандидат геолого-минералогических наук  |f 1953-  |g Александр Евгеньевич  |2 stltpush  |4 727 
712 0 2 |a Национальный исследовательский Томский политехнический университет (ТПУ)  |b Институт природных ресурсов (ИПР)  |b Кафедра геологии и разведки полезных ископаемых (ГРПИ)  |h 2181  |2 stltpush  |3 (RuTPU)RU\TPU\col\18660 
801 2 |a RU  |b 63413507  |c 20180216  |g RCR 
856 4 |u http://earchive.tpu.ru/handle/11683/15674 
942 |c BK